000 00539nam a2200181Ia 4500
005 20250508154725.0
008 008 250505s9999 xx 000 0 eng d
037 _aTextual
040 _aFEDL
_beng
_cFEDL
041 _aeng
_2eng
084 _a607.42, JAH
_qFEDL
100 _aJahoda Marie
245 0 _aEducation of technologists: An exploratory case study at brunel college
260 _aLondon, UK
_bTavistock Publications
_c1963
300 _axiii,226p.
942 _cTEXL
_h607.42, JAH
999 _c1351805
_d1351805